| 000 | 01272nam a22003134a 4500 | ||
|---|---|---|---|
| 001 | ebr10039744 | ||
| 003 | CaPaEBR | ||
| 006 | m u | ||
| 007 | cr cn||||||||| | ||
| 008 | 020829s2002 dcua sb 001 0 eng | ||
| 010 | _z 2002014007 | ||
| 020 | _z0309084091 | ||
| 040 |
_aCaPaEBR _cCaPaEBR |
||
| 035 | _a(OCoLC)52779224 | ||
| 050 | 1 | 4 |
_aQH445.2 _b.S85 2002beb |
| 082 | 0 | 4 |
_a611/.01816 _221 |
| 100 | 1 | _aSulston, John. | |
| 245 | 1 | 4 |
_aThe common thread _h[electronic resource] : _ba story of science, politics, ethics, and the human genome / _cJohn Sulston, Georgina Ferry. |
| 260 |
_aWashington, D.C. : _bJoseph Henry Press, _cc2002. |
||
| 300 |
_ax, 310 p. : _bill. |
||
| 500 | _aPreviously published: London ; New York : Bantam, 2002. | ||
| 504 | _aIncludes bibliographical references (p. 281-302) and index. | ||
| 533 |
_aElectronic reproduction. _bPalo Alto, Calif. : _cebrary, _d2013. _nAvailable via World Wide Web. _nAccess may be limited to ebrary affiliated libraries. |
||
| 610 | 2 | 0 | _aHuman Genome Project. |
| 655 | 7 |
_aElectronic books. _2local |
|
| 700 | 1 | _aFerry, Georgina. | |
| 710 | 2 | _aebrary, Inc. | |
| 856 | 4 | 0 |
_uhttp://site.ebrary.com/lib/rucke/Doc?id=10039744 _zAn electronic book accessible through the World Wide Web; click to view |
| 999 |
_c59998 _d59998 |
||